000 00676cam a2200241 a 4500
001 3842425
003 OSt
005 20150917150335.0
008 871223s1988 nyu 000 1 eng
010 _a 87040480
020 _z0394551575 :
_c$18.95
040 _aSEKU
043 _an-us-ny
050 0 0 _aPS 3552 .E5
_bB4 1988
100 1 _aBenedict, Elizabeth.
245 1 4 _aThe beginner's book of dreams
_cElizabeth Benedict.
250 _a1st ed.
260 _aNew York :
_bKnopf,
_c1988.
300 _a325 p. ;
_c23 cm.
650 0 _aYoung women
_zNew York (State)
_zNew York
_vFiction.
650 0 _aFamilies
_zNew York (State)
_zNew York
_vFiction.
942 _2lcc
_cGEN
999 _c9019
_d9019